LEADER 01087nam a2200265 i 4500 001 991003772639707536 008 180413t20182018be 000 0 lat c 020 $a9782503575636 035 $ab1438503x-39ule_inst 040 $aBibl. Interfacoltà T. Pellegrino$bita 100 0 $aHumbert :$cde Romans$0448907 240 10$aDe predicatione crucis.$lLatino$91752159 245 10$aDe predicatione crucis /$cHumbertus Romanis ; cura et studio Valentin Portnykh ; auxilium praestante Christine Vande Veire 246 3 $aDe predicatione crvcis 260 $aTurnhout :$bBrepols Publishers,$c2018 300 $aLXXIII, 200 p. ;$c26 cm 490 1 $aCorpus Christianorum. Continuatio Mediaevalis ;$v279 700 1 $aPortnykh, Valentin 700 1 $aVande Veire, Christine 907 $a.b1438503x$b03-03-20$c03-03-20 912 $a991003772639707536 945 $aLE002 Patr. CCCM 279$g1$i2002001096646$lle002$op$pE240.52$q-$rn$so $t0$u0$v0$w0$x0$y.i15921773$z03-03-20 996 $aDe predicatione crucis$91752159 997 $aUNISALENTO 998 $ale002$b03-03-20$cm$da $e $flat$gbe $h0$i0